| 000 | 00888nam a2200277Ia 4500 | ||
|---|---|---|---|
| 003 | OSt | ||
| 005 | 20220925184741.0 | ||
| 006 | a|||||r|||| 00| 0 | ||
| 007 | ta | ||
| 008 | 220923b |||||||| |||| 00| 0 eng d | ||
| 020 |
_a0754643956 _c4778.40 |
||
| 037 |
_b436, 22/07/2006, Bright Book Service _cGeneral Book |
||
| 040 |
_aRTL _cRTL _beng |
||
| 041 |
_2eng _aeng |
||
| 082 | _aY9(X:3L), P5 | ||
| 100 |
_aDaianu Daniel Ed. _9231218 |
||
| 245 | 0 | _aEthical boundaries of capitalism | |
| 260 |
_aAldershot _bAshgate _c2005 |
||
| 300 |
_axi, 259p _ccm. |
||
| 490 | _aCorporate Social Responsibility Series | ||
| 500 | _aBibliogrphy chapterwise | ||
| 650 | _aSociology | ||
| 700 |
_a Vranceanu Radu Ed. _9231219 |
||
| 942 |
_hY9(X:3L), P5 _cGB _2CC |
||
| 999 |
_c508722 _d508722 |
||